TWO REPRESENTATIVES OF STROPHOMENIDA (BRACHIOPODA) IN THE UPPERMOST TRIASSIC OF THE WEST CARPATHIANS

Bibliographic Details
Main Author: Michalík, Jozef, 1946- (Author)
Format: Article
Language:English

MARC

LEADER 00000nab a2200000ua 4500
001 vtls010847693
003 SK-MaSNL
005 20260303135919.0
008 230218s1976 xo |||||||||||||||||eng|
035 |a (urnnbn)urn:nbn:sk:snk:ar-a077is 
035 |a urn:nbn:sk:snk-ab68sp 
035 |a (uuid)21df3492-93d1-4eaa-be9b-73e4674911d2 
040 |a SNKBUCL  |b slo  |c SNKBUCL  |e AACR2 
041 0 |a eng 
044 |a xo  |c SK 
100 1 |a Michalík, Jozef,  |d 1946-  |4 aut  |9 237869 
245 1 0 |a TWO REPRESENTATIVES OF STROPHOMENIDA (BRACHIOPODA) IN THE UPPERMOST TRIASSIC OF THE WEST CARPATHIANS  |c Jozef Michalík 
773 0 |t Geologický zborník  |g Roč. 27, č. 1 (1976), s. 79-96 
958 |a OND 
958 |a EUIPO 
958 |a article5 
999 |c 1968813  |d 1970743